[Event "2015 REGULAR QUAD, S50089"]
[Site "CCLA"]
[Date "2015.03.06"]
[Round "?"]
[White "Smith, Dan W."]
[Black "Williams, Rufus H."]
[Result "1-0"]
[WhiteElo "1430"]
[BlackElo "1309"]

1. c4 Nf6 2. Nc3 e6 3. Nf3 Nc6 4. a3 Be7 5. g3 d5 6. cxd5 exd5 7. d4 Bf5 
8. Bg2 a6 9. b4 Qc8 10. h3 Bd6 11. O-O Bxh3 12. Ng5 Bxg2 13. Kxg2 h6 14. 
Nf3 h5 15. Bg5 Ne4 16. Qc2 Be7 17. Nxe4 Bxg5 18. Nexg5 Qd7 19. Rh1 O-O-O 
20. Rh4 f6 21. Nh3 Rdg8 22. Nf4 g5 23. Rh2 gxf4 24. Rah1 Rxg3+ 25. fxg3 
Rg8 26. Rh3 Ne7 27. Qh7 Rxg3+ 28. Rxg3 fxg3 29. Rxh5 b6 30. Kxg3 Nc6 31. 
Qxd7+ Kxd7 32. Rxd5+ Ke7 33. Rh5 b5 34. Rc5 Kd7 35. e3 a5 36. Rf5 axb4 37.
 axb4 Nxb4 38. Rxb5 Nc2 39. Kf4 Nxd4 40. Rd5+ Kc6 41. Rxd4 Kb5 42. Rd5+ c5
43. e4 Kb4 44. Kf5 c4 45. Kxf6 c3 46. Ne1 1-0

[Event "Premier Quad, S50119"]
[Site "CCLA"]
[Date "2015.03.23"]
[Round "?"]
[White "Pronovost, David"]
[Black "Laven, George"]
[Result "1/2-1/2"]
[WhiteElo "1865"]
[BlackElo "1772"]

1. c4 Nf6 2. Nc3 e6 3. e4 d5 4. e5 d4 5. exf6 dxc3 6. bxc3 Qxf6 7. d4 b6 
8. Nf3 Bb7 9. Bd3 h6 10. O-O Bd6 11. Nd2 O-O 12. Ne4 Bxe4 13. Bxe4 Bxh2+ 
14. Kxh2 Qh4+ 15. Kg1 Qxe4 16. Re1 Qh4 17. Re3 Nd7 18. Rh3 Qf6 19. Qg4 Kh7
20. Bf4 c5 21. Re1 Rfe8 22. Ree3 cxd4 23. cxd4 Qxd4 24. Reg3 Nf8 25. Rxh6+
Kg8 26. Rh8+ Kxh8 27. Qh5+ Kg8 28. Be5 Qxe5 29. Qxe5 Ng6 30. Qc7 Rec8 31. 
Qb7 Rcb8 32. Qe4 Rd8 33. Ra3 Nf8 34. Kh2 Rdc8 35. Qb7 Rcb8 36. Qf3 Rc8 37.
 Qe4 Rd8 38. Qb7 1/2-1/2

[Event "2015 Server Team Ch - Div 1, S51999"]
[Site "CCLA"]
[Date "2015.10.30"]
[Round "?"]
[White "Ruthen, Stephen W."]
[Black "Merrell, William S."]
[Result "0-1"]
[WhiteElo "2083"]
[BlackElo "2258"]
[Board "5"]
[WhiteTeam "BCCA Kings"]
[BlackTeam "Paul Morphy's Hair"]

1. c4 e5 2. g3 Nf6 3. Bg2 c6 4. d4 exd4 5. Qxd4 Na6 6. Nf3 Bc5 7. Qe5+ Be7
8. O-O O-O 9. Nc3 Re8 10. Qd4 Nc5 11. Rd1 a5 12. e4 d6 13. h3 a4 14. Rb1 
Be6 15. Ng5 Bd7 16. Be3 Bf8 17. Bf4 h6 18. Bxd6 Bxd6 19. Qxd6 Qa5 20. Nf3 
Rad8 21. Qf4 Ncxe4 22. Nxe4 Nxe4 23. h4 Qf5 24. Qxf5 Bxf5 25. Rxd8 Rxd8 
26. Re1 Kf8 27. g4 Bh7 28. h5 f6 29. Bf1 Nd2 30. Be2 Nxf3+ 31. Bxf3 Rd4 
32. c5 Rc4 33. Rd1 Rxc5 34. Rd7 Rb5 35. Rd2 Ke7 36. Bd1 Bg8 37. Bxa4 Rb4 
38. Bd1 Bxa2 39. Kg2 Bd5+ 40. Kg3 b6 41. f3 Ke6 42. f4 Kd6 43. Be2 Kc5 44.
 Bd3 b5 45. Bb1 Rb3+ 0-1

[Event "2015  Server Team - Div 3, S53999"]
[Site "CCLA"]
[Date "2015.10.30"]
[Round "?"]
[White "Stevenson, Wayne"]
[Black "Gunning, Edward E."]
[Result "1-0"]
[WhiteElo "1702"]
[BlackElo "1439"]
[Board "4"]
[WhiteTeam "Idaho Mountaineers"]
[BlackTeam "Knights of the Square Table"]

1. c4 e5 2. g3 c6 3. d4 Bb4+ 4. Bd2 Bxd2+ 5. Qxd2 d5 6. dxe5 Bf5 7. Nc3 
Ne7 8. Bg2 O-O 9. O-O-O d4 10. e3 d3 11. Be4 Na6 12. Qxd3 Nb4 13. Qb1 Nbd5
14. Bxf5 g6 15. Bc2 Qd7 16. cxd5 Qc7 17. d6 Qd7 18. Ne4 Kh8 19. Nf6 Qe6 
20. dxe7 Qxe7 21. Nf3 Rad8 22. h4 Qb4 23. h5 Rxd1+ 24. Kxd1 Rd8+ 25. Ke2 
g5 26. Nxg5 Rd2+ 27. Kf3 Qc4 28. Bd1 Rd3 29. h6 1-0

[Event "Premier Quad, S50399"]
[Site "CCLA"]
[Date "2015.10.03"]
[Round "?"]
[White "Beavan, Robert"]
[Black "Ramsden, Jim E."]
[Result "1-0"]
[WhiteElo "1971"]
[BlackElo "1789"]

1. c4 e5 2. g3 h5 3. Nc3 h4 4. Nf3 hxg3 5. fxg3 Nc6 6. Bg2 Nf6 7. O-O Be7 
8. e3 e4 9. Ng5 Ne5 10. Ngxe4 Nfg4 11. h3 d5 12. hxg4 dxe4 13. Rf4 Qd6 14.
 Rxe4 Nd3 15. Nd5 Be6 16. Nf4 Nc5 17. Rd4 Qb6 18. Nxe6 Nxe6 19. Rd5 Ng5 
20. Qb3 Qf6 21. Qxb7 O-O 22. Qxc7 Bd8 23. Qf4 Qh6 24. d3 Nh3+ 25. Bxh3 
Qxh3 26. Rh5 1-0

[Event "2015 Server Team Ch - Div 2"]
[Site "CCLA"]
[Date "2015.10.30"]
[Round "?"]
[White "Brotherton, Trevor S."]
[Black "Belanoff, Stuart"]
[Result "1/2-1/2"]
[WhiteElo "1894"]
[BlackElo "2201"]
[Board "1"]
[WhiteTeam "SchemingMind C"]
[BlackTeam "Queen & Knights"]

1. g3 Nc6 2. Bg2 e5 3. c4 f5 4. a3 Nf6 5. Nc3 g6 6. d3 Bg7 7. e3 O-O 8. 
Nge2 Ne7 9. O-O c6 10. e4 d6 11. Qb3 Rf7 12. Bg5 h6 13. Bxf6 Bxf6 14. Rad1
Be6 15. Qxb7 f4 16. Qa6 Bg7 17. f3 fxg3 18. hxg3 h5 19. Rf2 Bh6 20. f4 
exf4 21. gxf4 Rb8 22. b4 h4 23. Rdf1 h3 24. Bh1 Qd7 25. Kh2 Qc7 1/2-1/2

[Event "Premier Quad, S50029"]
[Site "CCLA"]
[Date "2015.02.02"]
[Round "?"]
[White "Stevens, Daniel L."]
[Black "Shannon, Paul D."]
[Result "1-0"]
[WhiteElo "1775"]
[BlackElo "1815"]

1. c4 e5 2. Nc3 d6 3. Nf3 f5 4. d4 e4 5. Ng5 Be7 6. Nh3 Nf6 7. e3 O-O 8. 
Be2 c6 9. O-O Na6 10. a3 Nc7 11. b4 a6 12. a4 Bd7 13. a5 d5 14. c5 Ne6 15.
 Na4 Qc7 16. Nb6 Rad8 17. f3 Be8 18. Rf2 Nd7 19. fxe4 fxe4 20. Bg4 Rxf2 
21. Bxe6+ Rf7 22. Bd2 Nf8 23. Bxf7+ Bxf7 24. Be1 Bf6 25. Bg3 Qe7 26. Ra2 
Ne6 27. Rf2 Bh4 28. Rxf7 Qxf7 29. Bxh4 Rf8 30. Bg3 h6 31. Bd6 Re8 32. Qf1 
Qh5 33. Nd7 Kh7 34. Ne5 Kg8 35. g4 Qh4 36. Qf7+ 1-0

[Event "2015 Server Team Ch - Div 2"]
[Site "CCLA"]
[Date "2015.10.30"]
[Round "?"]
[White "Sitorus, Yosua"]
[Black "Evans, Stanley W."]
[Result "1-0"]
[WhiteElo "1802"]
[BlackElo "1717"]
[Board "6"]
[WhiteTeam "SchemingMind C"]
[BlackTeam "Queen & Knights"]

1. c4 e5 2. Nc3 d6 3. e3 f5 4. d4 e4 5. g4 Nf6 6. g5 Ng8 7. h4 Ne7 8. Nh3 
c6 9. Nf4 Na6 10. Bd2 Bd7 11. f3 exf3 12. Qxf3 Nc7 13. e4 fxe4 14. Nxe4 
Bf5 15. Ng3 Qd7 16. Nxf5 Nxf5 17. O-O-O Kd8 18. d5 Nd4 19. Qa3 Nf5 20. Bh3
g6 21. Bc3 Rg8 22. c5 cxd5 23. Nxd5 1-0

[Event "2015 Server Team Ch - Div 2"]
[Site "CCLA"]
[Date "2015.10.30"]
[Round "?"]
[White "Sitorus, Yosua"]
[Black "Hoffman, Dwayne"]
[Result "1-0"]
[WhiteElo "1802"]
[BlackElo "1863"]
[Board "6"]
[WhiteTeam "SchemingMind C"]
[BlackTeam "Chairmen of the Board"]

1. c4 e5 2. Nc3 Bb4 3. Nf3 Bxc3 4. bxc3 Nc6 5. e4 d6 6. Be2 Nf6 7. d3 Ne7 
8. a4 O-O 9. O-O h6 10. a5 c5 11. Ne1 Ng6 12. f3 Be6 13. Nc2 Nf4 14. Bxf4 
exf4 15. Qd2 g5 16. Rfb1 Qc7 17. d4 Rab8 18. Rb2 Rfc8 19. Na3 a6 20. Nc2 
b6 21. Ne1 Rd8 22. Bf1 Rb7 23. axb6 Rxb6 24. Rba2 Bc8 25. Nd3 Nd7 26. Qf2 
Kg7 27. Rc1 Rb3 28. Kh1 Bb7 29. d5 f6 30. g3 fxg3 31. Qxg3 Nf8 32. e5 dxe5
33. Qf2 Nd7 34. Bh3 Rb6 35. Bxd7 Rxd7 36. Nxc5 Rd8 37. Rca1 Bc8 38. Kg2 
Kg8 39. Qe3 Kg7 40. Rd2 Qb8 41. Qe2 f5 42. Nd3 Re8 43. c5 Rf6 44. d6 e4 
45. Nb4 Bd7 46. c6 Rxd6 47. Rxd6 Qxd6 48. cxd7 Qxd7 49. Rd1 Qe6 50. fxe4 
a5 51. Nc2 Qxe4+ 52. Qxe4 Rxe4 53. Nd4 Re5 54. c4 Kf6 55. Rc1 Re4 56. Nb5 
Re2+ 57. Kg1 Rb2 58. Nd6 1-0

[Event "2015 Server Team Ch - Div 2"]
[Site "CCLA"]
[Date "2015.10.30"]
[Round "?"]
[White "Deskin, Gary"]
[Black "Brotherton, Trevor S."]
[Result "1/2-1/2"]
[WhiteElo "2128"]
[BlackElo "1894"]
[Board "1"]
[WhiteTeam "Big Red Fuzzy"]
[BlackTeam "SchemingMind C"]

1. d4 d6 2. c4 e5 3. Nc3 exd4 4. Qxd4 Nf6 5. Bg5 Be7 6. e3 O-O 7. Nf3 Nc6 
8. Qd2 a5 9. a3 h6 10. Bxf6 Bxf6 11. Be2 Bf5 12. O-O a4 13. Bd3 Bxc3 14. 
Qxc3 Bxd3 15. Qxd3 Re8 16. Rfd1 Ra5 17. h3 Qd7 18. Rac1 Qe6 19. Qc2 Qe4 
20. Ne1 Qxc2 21. Rxc2 f5 22. Nd3 Ne5 23. Nb4 Kf7 24. Rd5 Rxd5 1/2-1/2

[Event "Summer Series, S50291"]
[Site "CCLA"]
[Date "2015.07.25"]
[Round "?"]
[White "Vaughan, James"]
[Black "Smail, John"]
[Result "1-0"]
[WhiteElo "2259"]
[BlackElo "1720"]

1. c4 e5 2. Nc3 f5 3. e4 d6 4. exf5 Bxf5 5. Nge2 Nc6 6. d4 Qe7 7. Be3 Nf6 
8. d5 Nb8 9. Ng3 Bg6 10. h4 Nbd7 11. h5 Bf7 12. Nf5 Qd8 13. Be2 g6 14. 
hxg6 Bxg6 15. Nh4 Bg7 16. g4 Nf8 17. c5 a6 18. Qa4+ Kf7 19. O-O-O b5 20. 
cxb6 cxb6 21. Nxg6 Nxg6 22. g5 Nd7 23. Bg4 Nc5 24. Qc2 1-0

[Event "Summer Series, S50341"]
[Site "CCLA"]
[Date "2015.07.25"]
[Round "?"]
[White "Brown, David P."]
[Black "Stetson, Micah P."]
[Result "0-1"]
[WhiteElo "1362"]
[BlackElo "1403"]

1. d4 d6 2. c4 e5 3. Nc3 exd4 4. Qxd4 Nf6 5. a3 Nc6 6. Qd1 Be6 7. e4 Be7 
8. Be2 Nxe4 9. Nxe4 d5 10. Ng3 O-O 11. Nf3 Qd6 12. Qc2 d4 13. O-O Rad8 14.
 c5 Qd5 15. b4 d3 16. Qxd3 Qxd3 17. Bxd3 Rxd3 18. Bf4 a5 19. b5 Nd4 20. 
Nxd4 Rxd4 21. Bxc7 Bxc5 22. Rfc1 b6 23. Ne2 Rd7 24. Be5 Rfd8 25. Nc3 f6 
26. Bf4 Bd4 27. Rab1 Bxc3 28. Rxc3 Rd1+ 29. Rxd1 Rxd1# 0-1

[Event "Premier Quad, S50119"]
[Site "CCLA"]
[Date "2015.03.23"]
[Round "?"]
[White "Pronovost, David"]
[Black "Shannon, Paul D."]
[Result "1/2-1/2"]
[WhiteElo "1865"]
[BlackElo "1815"]

1. c4 e5 2. Nc3 d6 3. Nf3 f5 4. d3 Nf6 5. Bg5 Be7 6. e4 O-O 7. Be2 Nc6 8. 
O-O Nd4 9. Nxd4 exd4 10. Nb5 c5 11. Bf3 a6 12. Na3 Rb8 13. exf5 Bxf5 14. 
Re1 Qd7 15. Rb1 b5 16. cxb5 axb5 17. b4 c4 18. dxc4 Bxb1 19. Qxb1 bxc4 20.
 Nxc4 Rfe8 21. a3 Bd8 22. Rxe8+ Nxe8 23. Bf4 Rc8 24. Bd5+ Kh8 25. Qe4 Qe7 
26. Qxe7 Bxe7 27. Kf1 1/2-1/2

[Event "2015 NA Class C Ch Finals, S50409"]
[Site "CCLA"]
[Date "2015.10.13"]
[Round "?"]
[White "McLaughlin, Ed"]
[Black "Smiley, William R."]
[Result "1/2-1/2"]
[WhiteElo "1493"]
[BlackElo "1587"]

1. c4 e5 2. Nc3 Nf6 3. d3 c6 4. g3 d5 5. Bg2 Bb4 6. Bd2 O-O 7. a3 Ba5 8. 
Nf3 d4 9. Nb1 Nbd7 10. b4 Bc7 11. O-O Re8 12. e3 c5 13. Qb3 Rb8 14. Ng5 h6
15. Ne4 b6 16. Be1 Bb7 17. Nbd2 Nh7 18. Nf3 dxe3 19. fxe3 Bxe4 20. dxe4 
Nhf6 21. Nh4 g6 22. Rd1 Qe7 23. Bh3 Red8 24. Qc2 Kh8 25. Bc3 Bd6 26. b5 
Ra8 27. Rd2 Kh7 28. Qd1 Bc7 29. Qf3 Rf8 30. a4 Rad8 31. Rfd1 Rg8 32. Ng2 
Bb8 33. Ne1 Bc7 34. Nd3 Bb8 35. Nf2 Bc7 36. Bf1 Rge8 37. h4 Nf8 38. Bh3 
Rxd2 39. Rxd2 Rd8 1/2-1/2

[Event "2015 NA Server Ch (CCLA Rules), S50169"]
[Site "CCLA"]
[Date "2015.04.27"]
[Round "?"]
[White "Vaughan, James"]
[Black "Quirk, Michael"]
[Result "0-1"]
[WhiteElo "2268"]
[BlackElo "2130"]

1. c4 e5 2. g3 Nf6 3. Nc3 Bb4 4. Bg2 O-O 5. a3 Bxc3 6. bxc3 c6 7. Nf3 e4 
8. Nd4 d6 9. O-O Nbd7 10. d3 Re8 11. a4 Ne5 12. Bg5 exd3 13. exd3 h6 14. 
Bxf6 Qxf6 15. f4 Nd7 16. Re1 Rxe1+ 17. Qxe1 Qd8 18. a5 Nc5 19. a6 Nxd3 20.
 Qe3 Nc5 21. axb7 Bxb7 22. Nf5 a5 23. Qd4 Qf8 24. Re1 Rd8 25. Ne7+ Kh7 26.
 Be4+ Kh8 27. Bc2 Bc8 28. f5 Nd7 29. Qxd6 Nf6 30. Qc5 Re8 31. Qe5 Bd7 32. 
Qd6 c5 33. Re5 Ng8 34. Qxd7 Rxe7 35. Rxe7 Qxe7 36. Qxe7 Nxe7 37. Kf2 Nc6 
38. Ke3 Ne5 39. Bb3 Nd7 40. Ke4 Nb6 41. Ke5 a4 42. Ba2 a3 43. Ke4 Kh7 44. 
h3 g5 45. Bb3 h5 46. Ke5 Na4 47. Kf6 Kg8 48. Kxg5 Nxc3 49. f6 a2 50. Bxa2 
Nxa2 51. Kf4 Nc3 52. Ke5 Kh7 0-1

[Event "2015  Server Team - Div 3, S53999"]
[Site "CCLA"]
[Date "2015.10.30"]
[Round "?"]
[White "Vaughan, James"]
[Black "Douglass, Paul"]
[Result "1-0"]
[WhiteElo "2259"]
[BlackElo "1821"]
[Board "1"]
[WhiteTeam "Knights of the Square Table"]
[BlackTeam "BCCA Bishops"]

1. c4 e5 2. Nc3 Nc6 3. g3 g6 4. Bg2 Bg7 5. e3 d6 6. Nge2 f5 7. d3 Nge7 8. 
O-O O-O 9. b3 Be6 10. d4 exd4 11. exd4 Bf7 12. d5 Ne5 13. Bb2 a6 14. Qd2 
Rb8 15. Rfe1 b5 16. cxb5 axb5 17. Rad1 b4 18. Na4 Qc8 19. Qc1 Re8 20. Nf4 
Bh8 21. Nh3 Rb5 22. Ng5 Bxd5 23. f4 N5c6 24. Bxh8 Kxh8 25. Qb2+ Kg8 26. 
Qe2 Bxg2 27. Qxb5 h6 28. Qc4+ d5 29. Qc5 hxg5 30. Kxg2 gxf4 31. gxf4 Qd7 
32. Qc1 Ra8 33. Re2 d4 34. Nc5 Qd5+ 35. Kg1 Rd8 36. Ne6 Rd7 37. Rd3 Qb5 
38. Qc4 Qxc4 39. bxc4 Kf7 40. Nc5 Rd8 41. Rh3 Kg8 42. Ne6 Rd7 43. Kf2 Nc8 
44. Rh6 N6e7 45. Rh3 Nc6 46. Rg3 N6e7 47. Ke1 Kf7 48. Rh3 Kg8 49. Kd2 Rd6 
50. Kd3 Rd7 51. Rg3 Kf7 52. Ng5+ Kg7 53. Rh3 Kg8 54. Rh7 1-0

[Event "2015 REGULAR QUAD, S50109"]
[Site "CCLA"]
[Date "2015.03.13"]
[Round "?"]
[White "Calugaru, Paul C."]
[Black "Gunning, Edward E."]
[Result "0-1"]
[WhiteElo "1711"]
[BlackElo "1439"]

1. c4 e5 2. Nc3 Nc6 3. g3 Nf6 4. Bg2 Bc5 5. e3 O-O 6. a3 d6 7. Nge2 Bd7 8.
 d4 exd4 9. exd4 Bb6 10. O-O a5 11. Bg5 h6 0-1

[Event "2015 Server Team Ch - Div 1, S51999"]
[Site "CCLA"]
[Date "2015.10.30"]
[Round "?"]
[White "Ruthen, Stephen W."]
[Black "Weiss, Lester P."]
[Result "1/2-1/2"]
[WhiteElo "2083"]
[BlackElo "2123"]
[Board "5"]
[WhiteTeam "BCCA Kings"]
[BlackTeam "Pennsylvania Keystones"]

1. c4 e5 2. g3 Nc6 3. Nc3 g6 4. Bg2 Bg7 5. e4 d6 6. Nge2 Nge7 7. d3 O-O 8.
 O-O Be6 9. Nd5 Qd7 10. Be3 Nd4 11. Nxd4 exd4 12. Bh6 c6 13. Bxg7 Kxg7 14.
 Nxe7 Qxe7 15. f4 f6 16. b4 a5 17. a3 b6 18. Qd2 Ra7 19. f5 Bf7 20. bxa5 
Rxa5 21. fxg6 hxg6 22. Qb2 b5 23. cxb5 Rxb5 24. Qxd4 c5 25. Qe3 Rb3 26. a4
c4 27. Rad1 Qe5 28. d4 Rxe3 29. dxe5 dxe5 30. Rd7 Ra3 31. Ra7 c3 32. Bh3 
c2 33. Rc1 Rc3 34. Be6 g5 35. a5 Kg6 36. Bxf7+ Rxf7 37. Rxf7 Kxf7 38. g4 
Rc4 39. h3 Ra4 40. Rxc2 1/2-1/2

[Event "Premier Quad, S50029"]
[Site "CCLA"]
[Date "2015.02.02"]
[Round "?"]
[White "Jones, Jan"]
[Black "Shannon, Paul D."]
[Result "1-0"]
[WhiteElo "2228"]
[BlackElo "1815"]

1. c4 Nf6 2. g3 g6 3. Bg2 Bg7 4. Nc3 O-O 5. e4 d6 6. Nge2 e5 7. O-O Nc6 8.
 d3 Nh5 9. Be3 Nd4 10. Qd2 c6 11. b4 Bd7 12. Rab1 f5 13. b5 Nxe2+ 14. Nxe2
f4 15. gxf4 exf4 16. Nxf4 Qh4 17. Nxh5 Qxh5 18. bxc6 bxc6 19. f4 Bh3 20. 
Qd1 Qxd1 21. Rfxd1 Bxg2 22. Kxg2 Rfb8 23. c5 dxc5 24. Bxc5 Rxb1 25. Rxb1 
Rd8 26. e5 g5 27. Be7 Rxd3 28. e6 Rd2+ 29. Kf3 Bb2 30. f5 Rxh2 31. f6 1-0

[Event "2015 REGULAR QUAD, S50109"]
[Site "CCLA"]
[Date "2015.03.13"]
[Round "?"]
[White "Strelecky, Rich"]
[Black "Gunning, Edward E."]
[Result "1-0"]
[WhiteElo "1670"]
[BlackElo "1439"]

1. e3 e5 2. c4 Nc6 3. Nc3 Nf6 4. Nf3 d5 5. cxd5 Nxd5 6. Bb5 Nxc3 7. bxc3 
Bd7 8. d4 a6 9. Bxc6 Bxc6 10. O-O e4 11. Ne5 Bd5 12. c4 Be6 13. f4 Bb4 14.
 Qa4+ b5 15. Qxb4 Qh4 16. cxb5 f5 17. bxa6 Bc8 18. Qb5+ 1-0

[Event "Premier Quad, S50399"]
[Site "CCLA"]
[Date "2015.10.03"]
[Round "?"]
[White "Beavan, Robert"]
[Black "Quirk, Michael"]
[Result "1/2-1/2"]
[WhiteElo "1971"]
[BlackElo "2132"]

1. c4 e5 2. g3 Nf6 3. Bg2 d5 4. cxd5 Nxd5 5. Nc3 Nb6 6. Nf3 Nc6 7. O-O Be7
8. a3 O-O 9. b4 Be6 10. Rb1 f6 11. d3 Nd4 12. Nd2 Nd5 13. Nxd5 Bxd5 14. 
Bb2 Bxg2 15. Kxg2 Kh8 16. e3 Qd5+ 17. e4 Qd7 18. Bxd4 Qxd4 19. Nb3 Qb6 20.
 Nc5 Bxc5 21. bxc5 Qc6 22. Qb3 b6 23. cxb6 axb6 24. Rfc1 Qd7 25. Qb5 Qe7 
26. Qb4 Qd8 27. Rc3 1/2-1/2

[Event "2015 REGULAR QUAD, S50049"]
[Site "CCLA"]
[Date "2015.02.20"]
[Round "?"]
[White "Taylor, Bobby C."]
[Black "Lyons, Brenda M."]
[Result "1-0"]
[WhiteElo "1575"]
[BlackElo "1221"]

1. c4 e5 2. Nc3 Nc6 3. Nf3 Nf6 4. g3 Bb4 5. Bg2 Bxc3 6. bxc3 d6 7. d3 b6 
8. e4 Bg4 9. a4 a5 10. O-O Bxf3 11. Qxf3 O-O 12. Be3 Nd7 13. Qd1 Qf6 14. 
Rb1 Nc5 15. d4 Nd7 16. Qg4 Rfd8 17. d5 Ne7 18. h4 Qg6 19. Qxg6 fxg6 20. 
Bg5 Re8 21. Be3 Rad8 22. Rb2 Rf8 23. f3 h5 24. Bh3 Nc5 25. Bxc5 dxc5 26. 
Rbf2 Rf6 27. Be6+ Kf8 28. f4 exf4 29. Rxf4 Ng8 30. Rxf6+ gxf6 31. Bxg8 
Kxg8 32. Rxf6 Kg7 33. Rf2 Rf8 34. Rxf8 Kxf8 35. Kf2 Ke7 36. Kf3 Kf6 37. 
Kf4 Kf7 38. e5 Ke7 39. Kg5 Kf7 40. Kh6 1-0

[Event "Premier Quad, S50449"]
[Site "CCLA"]
[Date "2015.12.09"]
[Round "?"]
[White "Pronovost, David"]
[Black "Haase, F. Philip"]
[Result "0-1"]
[WhiteElo "1731"]
[BlackElo "1813"]

1. c4 e5 2. Nc3 Nf6 3. Nf3 Nc6 4. g3 Bc5 5. Bg2 d6 6. O-O O-O 7. d3 h6 8. 
a3 a5 9. e3 Bb6 10. b3 Be6 11. Bb2 Qc8 12. d4 Bg4 13. Qd3 Bxf3 14. Bxf3 
exd4 15. exd4 Nxd4 16. Bg2 Nxb3 17. Rad1 Nc5 18. Qf3 Re8 19. Nb5 Ng4 20. 
Bd4 Ne5 21. Qh5 Nc6 22. Bd5 Re7 23. Ba1 Nd7 0-1

[Event "2015 REGULAR QUAD, S50049"]
[Site "CCLA"]
[Date "2015.02.20"]
[Round "?"]
[White "Taylor, Bobby C."]
[Black "Benson, Katie J."]
[Result "1-0"]
[WhiteElo "1575"]
[BlackElo "1199"]

1. c4 e5 2. Nc3 Nf6 3. Nf3 Nc6 4. g3 b6 5. Bg2 Bb7 6. O-O Bc5 7. Nxe5 Nxe5
8. Bxb7 Rb8 9. Bg2 c6 10. d4 Bxd4 11. Qxd4 Ng6 12. e4 O-O 13. Bg5 h6 14. 
Bxf6 gxf6 15. Rad1 Ne5 16. b3 c5 17. Qd2 a6 18. a4 Kh7 19. f4 Nc6 20. Ne2 
a5 21. Qxd7 Qxd7 22. Rxd7 Rbd8 23. Rfd1 Kg7 24. Rxd8 Rxd8 25. Rxd8 Nxd8 
26. Nc3 Nb7 27. Nd5 1-0

[Event "2015 NA Server Ch (CCLA Rules), S50169"]
[Site "CCLA"]
[Date "2015.04.27"]
[Round "?"]
[White "Vaughan, James"]
[Black "Edwards, K. E. D. G."]
[Result "1/2-1/2"]
[WhiteElo "2268"]
[BlackElo "2273"]

1. c4 e5 2. g3 Nf6 3. Bg2 d5 4. cxd5 Nxd5 5. Nc3 Nb6 6. Nf3 Nc6 7. O-O Be7
8. a3 O-O 9. d3 Be6 10. b4 f6 11. Qc2 a5 12. b5 Nd4 13. Nxd4 exd4 14. Ne4 
Bd5 15. Nd2 Bxg2 16. Kxg2 Qd5+ 17. Nf3 g5 18. h3 h5 19. Kg1 Qd7 20. Kg2 
Qd5 21. Kh2 g4 22. Nh4 Rf7 23. Qxc7 Bxa3 24. Qf4 Bd6 25. Qf5 Qxf5 26. Nxf5
Rd7 27. hxg4 hxg4 28. Kg2 Bc5 29. Rh1 Rd5 30. Rh5 Kf7 31. f3 gxf3+ 32. 
exf3 Bb4 33. f4 Rd7 34. Kf3 Nd5 35. Ba3 Bxa3 36. Rxa3 a4 37. g4 Nb4 38. 
Rh1 Ra5 39. Ke4 Ra8 40. Rh7+ Ke6 41. Rh6 Nd5 42. g5 Re8 43. Ra1 b6 44. Rc1
a3 45. Rc6+ Kf7+ 46. Kf3 Red8 47. gxf6 a2 48. Rh1 Nxf6 49. Nh6+ Kg7 50. 
Rg1+ Kxh6 51. Rxf6+ Kh7 52. Rxb6 Ra8 53. Ra1 Ra3 54. Ke4 Re7+ 55. Kf5 Kg7 
56. Rg1+ Kf7 57. Rf6+ Ke8 58. Ra1 Ra5 59. Ra6 Rxb5+ 60. Kg6 Re3 61. Rh1 
a1=Q 62. Rhxa1 Rxd3 63. Rh1 Rdb3 64. Rh8+ Kd7 65. Rh7+ Kc8 66. Rc6+ Kb8 
67. Rd7 Rg3+ 68. Kf6 d3 69. Rd4 Rb3 70. Rcd6 Kb7 71. Rd7+ Kb6 72. Rd8 Rc3 
73. Ke6 Re3+ 74. Kf6 Rf3 75. Kf5 Re3 76. Kg4 Kb5 77. R8d5+ Kc6 78. Rd7 Kb5
79. Rd8 Kc5 80. Kg5 Rg3+ 81. Kf5 Re3 82. Re4 Rh3 83. Kg4 Rh1 84. Red4 Rd1 
1/2-1/2

[Event "Summer Series, S50301"]
[Site "CCLA"]
[Date "2015.07.25"]
[Round "?"]
[White "Stevens, Daniel L."]
[Black "Avery, Bryce"]
[Result "1-0"]
[WhiteElo "1779"]
[BlackElo "1657"]

1. c4 e5 2. Nc3 Nf6 3. Nf3 Nc6 4. g3 Bb4 5. Nd5 e4 6. Nh4 O-O 7. Bg2 Bc5 
8. O-O Re8 9. d3 Nxd5 10. cxd5 exd3 11. Qxd3 Ne5 12. Qc3 d6 13. b4 Bb6 14.
 Bb2 a5 15. a3 axb4 16. axb4 Rxa1 17. Bxa1 Bg4 18. Kh1 Bxe2 19. Re1 Bb5 
20. f4 f6 21. fxe5 fxe5 22. Bb2 Rf8 23. Nf3 Qf6 24. Nd2 Qh6 25. Ne4 Rf5 
26. Bc1 Qh5 27. Qd2 Qg4 28. Qd1 Qg6 29. Bh3 Rf8 30. Qg4 Qxg4 31. Bxg4 h6 
32. Kg2 Bc4 33. Bf3 Bxd5 34. Nf6+ Rxf6 35. Bxd5+ Kh7 36. Bxb7 Rf2+ 37. Kh3
Rc2 38. Be4+ 1-0

[Event "2015 Server Team Ch - Div 1, S51999"]
[Site "CCLA"]
[Date "2015.10.30"]
[Round "?"]
[White "Ruthen, Stephen W."]
[Black "Duchardt, Alexandre"]
[Result "0-1"]
[WhiteElo "2083"]
[BlackElo "2290"]
[Board "5"]
[WhiteTeam "BCCA Kings"]
[BlackTeam "SchemingMind A"]

1. c4 Nf6 2. g3 e5 3. Bg2 d5 4. cxd5 Nxd5 5. Nc3 Nb6 6. Nf3 Nc6 7. O-O Be7
8. a3 O-O 9. b4 Be6 10. Rb1 f6 11. d3 a5 12. b5 Nd4 13. Nd2 Qc8 14. e3 Nf5
15. Bb2 Rd8 16. Qc2 Nd6 17. Rfc1 Qd7 18. a4 Nf7 19. Bxb7 Rab8 20. Be4 f5 
21. Bc6 Qxd3 22. Qxd3 Rxd3 23. Nf3 Bf6 24. Ne1 Rdd8 25. Ba1 Be7 26. Nf3 g5
27. h3 g4 28. hxg4 fxg4 29. Ne1 h5 30. Kg2 Ba3 31. Bb2 Bd6 32. Nc2 Ng5 33.
 Rh1 Nh3 34. f3 Nc4 35. fxg4 hxg4 36. Bc1 Rf8 37. Nd1 Bc5 38. Rf1 Rxf1 39.
 Kxf1 Rf8+ 40. Kg2 Rd8 41. Nc3 Nd2 42. Rb2 Nb3 0-1

[Event "Summer Series, S50291"]
[Site "CCLA"]
[Date "2015.07.25"]
[Round "?"]
[White "Vaughan, James"]
[Black "Abbey, William"]
[Result "1/2-1/2"]
[WhiteElo "2259"]
[BlackElo "1957"]

1. c4 e5 2. Nc3 Nf6 3. Nf3 Nc6 4. g3 d5 5. cxd5 Nxd5 6. Bg2 Nb6 7. O-O Be7
8. d3 O-O 9. Be3 Be6 10. d4 exd4 11. Nxd4 Nxd4 12. Bxd4 c6 13. b3 Re8 14. 
Qd2 Rc8 15. Rad1 Rc7 16. Qc1 Rd7 17. Be3 Bb4 18. Rxd7 Qxd7 19. Rd1 Qe7 20.
 Ne4 Bd5 21. Bc5 Bxc5 22. Qxc5 f5 23. Qxe7 Rxe7 24. Nc3 Bxg2 25. Kxg2 Kf7 
26. h3 Re5 27. Kf3 Rc5 28. Rd3 Ke6 29. e4 Nd7 30. Re3 Kf7 31. b4 fxe4+ 32.
 Nxe4 Rd5 33. Ra3 a6 34. Ke3 Ke7 35. Rd3 Rb5 36. a3 Nf6 37. Nxf6 Kxf6 38. 
Rd7 a5 39. bxa5 Rxa5 40. Rxb7 Rxa3+ 41. Ke4 Ra4+ 42. Kf3 Ra3+ 43. Kg4 Ra4+
44. Kh5 c5 45. g4 h6 46. Rc7 Rf4 47. Rxc5 Rxf2 48. Rc6+ Ke5 49. Rc3 Kf6 
50. Ra3 Rf1 51. Rb3 Rf2 52. Rb6+ Kf7 1/2-1/2

[Event "Winter Series, S50021"]
[Site "CCLA"]
[Date "2015.01.28"]
[Round "?"]
[White "Shannon, Paul D."]
[Black "Anderson, Clarence"]
[Result "0-1"]
[WhiteElo "1815"]
[BlackElo "1717"]

1. c4 Nf6 2. Nf3 b6 3. g3 c5 4. Bg2 Bb7 5. Nc3 g6 6. O-O Bg7 7. d3 O-O 8. 
Bd2 e6 9. Qc1 d5 10. Bh6 d4 11. Nb1 Nbd7 12. Bxg7 Kxg7 13. b4 cxb4 14. Qb2
e5 15. Qxb4 Re8 16. Nbd2 Nc5 17. Nb3 Nfd7 18. Nxc5 Nxc5 19. Rfd1 Qe7 20. 
a4 a5 21. Qb2 Bc6 22. Nd2 Nxa4 23. Rxa4 Bxa4 24. Ra1 Qb4 25. Qxb4 axb4 26.
 Bxa8 Rxa8 27. Rb1 Bc6 28. Rxb4 Ra1+ 29. Nf1 Bd7 30. Kg2 Ra2 31. Kf3 Bh3 
32. Rb1 f5 33. e3 Bg4+ 34. Kg2 Be2 35. exd4 exd4 36. Rxb6 Ra1 37. Nd2 Rd1 
38. Rb2 Bxd3 39. c5 Rc1 40. Nb3 Bf1+ 41. Kf3 Rc3+ 42. Kf4 Kf6 0-1

[Event "2015 Server Team Ch - Div 2"]
[Site "CCLA"]
[Date "2015.10.30"]
[Round "?"]
[White "Belanoff, Stuart"]
[Black "Young III, William C."]
[Result "1/2-1/2"]
[WhiteElo "2201"]
[BlackElo "2013"]
[Board "1"]
[WhiteTeam "Queen & Knights"]
[BlackTeam "Chairmen of the Board"]

1. Nf3 c5 2. c4 Nf6 3. g3 b6 4. Bg2 Bb7 5. O-O e6 6. Nc3 Be7 7. b3 O-O 8. 
Bb2 d6 9. e3 Nbd7 10. d4 Ne4 11. Qc2 f5 12. Nd2 Nxd2 13. Qxd2 Bxg2 14. 
Kxg2 Bf6 15. Rad1 Qe7 16. f3 Rad8 17. Qc2 a6 18. Rf2 Nb8 19. d5 Bxc3 20. 
Bxc3 e5 21. f4 e4 22. Kh1 Nd7 23. Rg1 Nf6 24. h3 b5 25. g4 Ne8 26. Rfg2 g6
27. Rh2 Ng7 28. Qe2 b4 29. Bxg7 Qxg7 30. h4 Kh8 31. h5 g5 32. gxf5 Rxf5 
33. Qg4 1/2-1/2